| 000 | 00515nam a22001577a 4500 | ||
|---|---|---|---|
| 003 | OSt | ||
| 005 | 20150905145426.0 | ||
| 008 | 150905b xxu||||| |||| 00| 0 eng d | ||
| 040 | _cRUA | ||
| 082 | _aAGR ពាន 1989 B001 Or.1 | ||
| 100 |
_940 _aពាន សុខា |
||
| 245 | _aឥទ្ឌិពលចំនួនដើមពោតទៅលើការដាំដុះលូតលាស់ និង ទិន្នផល | ||
| 260 |
_aPhnom Penh _bRUA _c1989 |
||
| 300 |
_a80p. _bill. _c29cm. |
||
| 942 |
_2ddc _cAGR |
||
| 999 |
_c38 _d38 |
||